Statistics for Female Political Figures by Picture - U.S.

Click here to take the quiz!

General Stats

  • This quiz has been taken 9,042 times
  • The average score is 9 of 16

Answer Stats

Answer% Correct
Hillary Clinton
100%
Nancy Pelosi
86%
Sarah Palin
84%
Ivanka Trump
82%
Ruth Bader Ginsburg
78%
Condoleezza Rice
77%
Elizabeth Warren
71%
Kamala Harris
67%
Sonia Sotomayor
51%
Nikki Haley
50%
Dianne Feinstein
42%
Sandra Day O'Connor
42%
Elena Kagan
36%
Susan Collins
33%
Tammy Duckworth
28%
Tammy Baldwin
21%

Score Distribution

Percentile by Number Answered

Percent of People with Each Score

Your Score History

You have not taken this quiz